[Event "CAN-op"]
[Site "Edmonton CAN"]
[Date "2009.07.13"]
[Round "3.67"]
[White "Pisanski, Piotr"]
[Black "Shah, Omar"]
[Result "0-1"]
[WhiteElo "1428"]
[BlackElo "1921"]
[PlyCount "146"]
[GameId "2160767910155877"]
[EventDate "2009.07.11"]
[EventType "swiss"]
[EventRounds "9"]
[EventCountry "CAN"]
[SourceTitle "EXT 2022"]
[Source "ChessBase"]
[SourceDate "2021.10.06"]
[SourceVersion "1"]
[SourceVersionDate "2021.10.06"]
[SourceQuality "1"]

1. e4 c5 2. Nf3 d6 3. d4 cxd4 4. Nxd4 Nf6 5. Nc3 a6 6. Be3 e6 7. Be2 Be7 8. O-O O-O 9. Qd2 b5 10. a3 Bb7 11. f3 Nbd7 12. Rfd1 Rc8 13. Rac1 Ne5 14. b3 d5 15. f4 Neg4 16. e5 Nxe3 17. Qxe3 Nd7 18. b4 Qc7 19. Nb1 g6 20. Qh3 Qb6 21. Kf1 Rfe8 22. Rd3 Rc4 23. c3 Rec8 24. Nd2 R4c7 25. N2f3 Ba8 26. g4 a5 27. f5 axb4 28. f6 Nxf6 29. exf6 Bxf6 30. axb4 e5 31. Nxe5 Bxe5 32. Nb3 Bd6 33. Qh6 Bf8 34. Qf4 Qd6 35. Qf2 Bg7 36. Nc5 Qf6 37. Qxf6 Bxf6 38. Rf3 Be7 39. Bxb5 Bxc5 40. bxc5 Rxc5 41. Ba6 R8c6 42. Be2 d4 43. c4 Rd6 44. Rb3 Bc6 45. Ke1 Kg7 46. Kd2 Bd7 47. Rf1 Re5 48. Rf4 Be6 49. Rb4 g5 50. Rf1 Rc6 51. h3 Rxe2+ 52. Kxe2 Bxc4+ 53. Rxc4 Rxc4 54. Rf5 Kg6 55. Rd5 Rc3 56. Rd6+ Kg7 57. h4 gxh4 58. Rxd4 Kg6 59. Rd6+ f6 60. Kf2 Rg3 61. Rd4 Kg5 62. Rd7 Kh6 63. Rd4 Kg6 64. Rf4 Rb3 65. Kg2 Rb5 66. Rc4 Kg5 67. Rc7 Rb2+ 68. Kf3 Kg6 69. Rc5 h3 70. Rh5 h2 71. Kg3 f5 72. Rxf5 h1=Q 73. Rg5+ Kf7 0-1

[Event "CAN-op"]
[Site "Edmonton CAN"]
[Date "2009.07.13"]
[Round "3.68"]
[White "Arfin, Sam"]
[Black "MacFie, Matthew"]
[Result "1-0"]
[WhiteElo "1916"]
[BlackElo "1197"]
[PlyCount "69"]
[GameId "2160767910155878"]
[EventDate "2009.07.11"]
[EventType "swiss"]
[EventRounds "9"]
[EventCountry "CAN"]
[SourceTitle "EXT 2022"]
[Source "ChessBase"]
[SourceDate "2021.10.06"]
[SourceVersion "1"]
[SourceVersionDate "2021.10.06"]
[SourceQuality "1"]

1. d4 Nc6 2. c4 a5 3. Nc3 b6 4. e4 Rb8 5. Nf3 d6 6. h3 h6 7. Be3 Be6 8. d5 Bd7 9. dxc6 Bxc6 10. Be2 e6 11. Nd4 Ba8 12. O-O e5 13. Nf3 Ne7 14. Qc2 Nc6 15. a3 b5 16. cxb5 Na7 17. Bxa7 Rc8 18. Qa4 Be7 19. Nd5 O-O 20. Qxa5 g5 21. Rfd1 Qe8 22. Rac1 c5 23. bxc6 h5 24. Nh2 f6 25. Nxe7+ Qxe7 26. Bc4+ Kh8 27. Bd5 Rxc6 28. Bxc6 Rc8 29. Bxa8 Rxa8 30. Rc7 Qe8 31. Rxd6 Qg8 32. Rdd7 Rf8 33. Qd5 f5 34. Qxg8+ Rxg8 35. Rh7# 1-0

[Event "CAN-op"]
[Site "Edmonton CAN"]
[Date "2009.07.13"]
[Round "3.69"]
[White "McCleary, Rick"]
[Black "Nadeau, Gabrielle"]
[Result "0-1"]
[WhiteElo "1140"]
[BlackElo "1912"]
[PlyCount "70"]
[GameId "2160767910155879"]
[EventDate "2009.07.11"]
[EventType "swiss"]
[EventRounds "9"]
[EventCountry "CAN"]
[SourceTitle "EXT 2022"]
[Source "ChessBase"]
[SourceDate "2021.10.06"]
[SourceVersion "1"]
[SourceVersionDate "2021.10.06"]
[SourceQuality "1"]

1. d4 Nf6 2. Nc3 g6 3. e4 Bg7 4. Bd3 O-O 5. e5 Ne8 6. Be3 f6 7. f4 fxe5 8. dxe5 d6 9. Qe2 e6 10. Nf3 Nc6 11. Bd4 Nxd4 12. Nxd4 dxe5 13. fxe5 Qxd4 14. O-O-O Qxe5 15. Qxe5 Bxe5 16. Ne4 Nd6 17. Rde1 Bf4+ 18. Kb1 e5 19. a3 Bh6 20. Rhf1 Bf5 21. Nc3 e4 22. Be2 Bd2 23. Rd1 e3 24. Nd5 Kg7 25. Rg1 h5 26. Nf4 Rae8 27. h3 Bd7 28. g4 Rxf4 29. gxh5 Rf6 30. b3 Ne4 31. hxg6 Nc3+ 32. Kb2 Nxe2 33. Rg2 Nf4 34. Rdxd2 Nxg2 35. Rxg2 e2 0-1

[Event "CAN-op"]
[Site "Edmonton CAN"]
[Date "2009.07.13"]
[Round "3.70"]
[White "Purewal, Pal"]
[Black "Ritchie, Gordon"]
[Result "1/2-1/2"]
[WhiteElo "1631"]
[BlackElo "1870"]
[PlyCount "77"]
[GameId "2160767910155880"]
[EventDate "2009.07.11"]
[EventType "swiss"]
[EventRounds "9"]
[EventCountry "CAN"]
[SourceTitle "EXT 2022"]
[Source "ChessBase"]
[SourceDate "2021.10.06"]
[SourceVersion "1"]
[SourceVersionDate "2021.10.06"]
[SourceQuality "1"]

1. e4 d5 2. e5 c5 3. Bb5+ Nc6 4. Nf3 Bg4 5. h3 Bh5 6. Bxc6+ bxc6 7. O-O e6 8. d3 Ne7 9. Bf4 Bxf3 10. Qxf3 Ng6 11. Bg3 Qb6 12. b3 Be7 13. Nd2 O-O 14. Qe2 Bd8 15. Kh1 Ne7 16. Bh4 Nf5 17. Bxd8 Qxd8 18. c3 a5 19. Nf3 Qb6 20. Rab1 Rfb8 21. Ng5 h6 22. Nf3 Qa6 23. g4 Ne7 24. g5 Nf5 25. gxh6 Nxh6 26. Rg1 Qc8 27. Qe3 Nf5 28. Qg5 Qd8 29. Qh5 f6 30. Qg6 Qe8 31. Qxf6 Kh8 32. Qg5 Ra7 33. Rg4 Qf7 34. Nh4 Nh6 35. Rg2 a4 36. f4 Rab7 37. Rgb2 Kh7 38. Ng2 Nf5 39. Qg4 1/2-1/2

[Event "CAN-op"]
[Site "Edmonton CAN"]
[Date "2009.07.13"]
[Round "3.71"]
[White "Du, Howard"]
[Black "Fokkema, Jerred"]
[Result "1-0"]
[WhiteElo "1655"]
[BlackElo "1864"]
[PlyCount "73"]
[GameId "2160767910155881"]
[EventDate "2009.07.11"]
[EventType "swiss"]
[EventRounds "9"]
[EventCountry "CAN"]
[SourceTitle "EXT 2022"]
[Source "ChessBase"]
[SourceDate "2021.10.06"]
[SourceVersion "1"]
[SourceVersionDate "2021.10.06"]
[SourceQuality "1"]

1. d4 d5 2. e3 c6 3. c4 e6 4. Nf3 Bd6 5. Nc3 Nd7 6. Qc2 Ngf6 7. Bd3 dxc4 8. Bxc4 Nb6 9. Bb3 c5 10. dxc5 Bxc5 11. O-O O-O 12. Rd1 Qe7 13. Ne4 Nxe4 14. Qxe4 f5 15. Qd3 Kh8 16. Bd2 e5 17. e4 fxe4 18. Qxe4 Bd7 19. Be3 Rae8 20. Bxc5 Qxc5 21. Rac1 Qb5 22. Ng5 Bf5 23. Qxb7 h6 24. Nf7+ Kh7 25. Nd6 Qa5 26. Nxe8 Rxe8 27. Qf7 Bg6 28. Bc2 e4 29. Qc7 Rc8 30. Qf4 Nd5 31. Qe5 Rc5 32. Bxe4 Rxc1 33. Bxg6+ Kxg6 34. Rxc1 Qd2 35. Qe4+ Kf7 36. Qf3+ Kg6 37. Rd1 1-0

[Event "CAN-op"]
[Site "Edmonton CAN"]
[Date "2009.07.13"]
[Round "3.72"]
[White "Razzaq, Ali"]
[Black "Deimert, Elroy"]
[Result "0-1"]
[WhiteElo "1859"]
[BlackElo "1580"]
[PlyCount "140"]
[GameId "2160767910155882"]
[EventDate "2009.07.11"]
[EventType "swiss"]
[EventRounds "9"]
[EventCountry "CAN"]
[SourceTitle "EXT 2022"]
[Source "ChessBase"]
[SourceDate "2021.10.06"]
[SourceVersion "1"]
[SourceVersionDate "2021.10.06"]
[SourceQuality "1"]

1. d4 Nf6 2. c4 d6 3. Nc3 g6 4. e4 Nbd7 5. f4 e5 6. fxe5 dxe5 7. dxe5 Nxe5 8. Qxd8+ Kxd8 9. Bg5 Be7 10. O-O-O+ Bd7 11. Nf3 Nfg4 12. Bxe7+ Kxe7 13. Nd5+ Kf8 14. Nxe5 Nxe5 15. Be2 Kg7 16. b3 c6 17. Ne3 Rhe8 18. Rd6 Re6 19. Rhd1 Rxd6 20. Rxd6 Re8 21. c5 Be6 22. Kc2 f6 23. a4 Nf7 24. Rd4 Rd8 25. Rb4 Rd7 26. Bc4 Bxc4 27. Nxc4 Re7 28. Nd6 Nxd6 29. cxd6 Rd7 30. a5 Kf7 31. e5 fxe5 32. Kd3 Ke6 33. Ke4 Kxd6 34. Rc4 b6 35. a6 Rf7 36. g3 Rf2 37. h4 Ra2 38. Rc3 Rxa6 39. Rd3+ Ke6 40. Rd8 Ra3 41. Rh8 Rxb3 42. g4 Rb4+ 43. Kf3 a5 44. Rxh7 a4 45. Rg7 a3 46. Rxg6+ Kd5 47. Rg8 Ra4 48. Rd8+ Kc4 49. Rd1 Kc3 50. h5 a2 51. h6 a1=Q 52. Rxa1 Rxa1 53. g5 Rh1 54. Ke4 b5 55. Kf5 b4 56. g6 b3 57. g7 b2 58. g8=Q b1=Q+ 59. Kxe5 Rh5+ 60. Kd6 Rxh6+ 61. Kc7 Qh7+ 62. Qxh7 Rxh7+ 63. Kxc6 Rh5 64. Kd6 Kc4 65. Ke6 Kd4 66. Kf6 Ke4 67. Kg6 Ra5 68. Kf6 Rb5 69. Kg6 Kf4 70. Kh6 Kg4 0-1

[Event "CAN-op"]
[Site "Edmonton CAN"]
[Date "2009.07.13"]
[Round "3.73"]
[White "Shanker, Raman"]
[Black "Goodman, Clifford"]
[Result "1-0"]
[WhiteElo "1839"]
[BlackElo "1630"]
[PlyCount "83"]
[GameId "2160767910155883"]
[EventDate "2009.07.11"]
[EventType "swiss"]
[EventRounds "9"]
[EventCountry "CAN"]
[SourceTitle "EXT 2022"]
[Source "ChessBase"]
[SourceDate "2021.10.06"]
[SourceVersion "1"]
[SourceVersionDate "2021.10.06"]
[SourceQuality "1"]

1. d4 Nf6 2. c4 g6 3. Nc3 d5 4. Nf3 Bg7 5. Qb3 dxc4 6. Qxc4 a6 7. e4 b5 8. Qb3 e6 9. a4 c6 10. axb5 cxb5 11. Bxb5+ Bd7 12. Bd3 O-O 13. Bf4 Nc6 14. O-O Nh5 15. Bd6 Re8 16. e5 a5 17. Be4 Bf8 18. Nb5 Bxd6 19. Nxd6 Rf8 20. Qe3 Kg7 21. g4 Nb4 22. gxh5 Nd5 23. h6+ Kg8 24. Qd2 f5 25. Bxd5 exd5 26. Qf4 Qb8 27. Qh4 Ra7 28. Kh1 Bb5 29. Nxb5 Qxb5 30. Rg1 Kh8 31. Ng5 Qe2 32. Rae1 Qxb2 33. Ne6 Rb8 34. Qf6+ Kg8 35. Rxg6+ hxg6 36. Qxg6+ Kh8 37. Qf6+ Kh7 38. Rg1 Qb7 39. Nf8+ Rxf8 40. Qxf8 Ra8 41. Qxf5+ Kh8 42. Qf6+ 1-0

[Event "CAN-op"]
[Site "Edmonton CAN"]
[Date "2009.07.13"]
[Round "3.74"]
[White "Huang, Zhonglin"]
[Black "Chaisson, Terry"]
[Result "0-1"]
[WhiteElo "1515"]
[BlackElo "1823"]
[PlyCount "102"]
[GameId "2160767910155884"]
[EventDate "2009.07.11"]
[EventType "swiss"]
[EventRounds "9"]
[EventCountry "CAN"]
[SourceTitle "EXT 2022"]
[Source "ChessBase"]
[SourceDate "2021.10.06"]
[SourceVersion "1"]
[SourceVersionDate "2021.10.06"]
[SourceQuality "1"]

1. e4 e5 2. Nf3 Nf6 3. Nxe5 d6 4. Nf3 Nxe4 5. d3 Nf6 6. Bg5 Be7 7. Nc3 Nc6 8. Be2 b6 9. a3 Bb7 10. d4 Nd7 11. Bxe7 Nxe7 12. Bd3 Nf6 13. Rg1 a6 14. Nd2 Qd7 15. Nde4 Ned5 16. Nxd5 Nxd5 17. Qe2 O-O-O 18. O-O-O Rhe8 19. Qf1 Nf4 20. Ng3 Nxd3+ 21. Qxd3 g6 22. Nf1 Qe6 23. Kb1 Re7 24. Ne3 Rde8 25. Rge1 Qd7 26. g3 Qh3 27. d5 Qd7 28. Qd2 Kb8 29. h4 f5 30. c4 b5 31. b3 bxc4 32. bxc4 c6 33. Nc2 Rxe1 34. Rxe1 Rxe1+ 35. Nxe1 cxd5 36. cxd5 Qb5+ 37. Qb4 Qxb4+ 38. axb4 Bxd5 39. Kc2 Kc7 40. Kc3 Kb6 41. Kd4 Bf7 42. Nf3 h6 43. Nh2 Kb5 44. Kc3 Bd5 45. Nf1 g5 46. hxg5 hxg5 47. Ne3 Be6 48. Nc2 Kc6 49. Ne1 Kd5 50. Kd3 Bd7 51. f4 g4 0-1

[Event "CAN-op"]
[Site "Edmonton CAN"]
[Date "2009.07.13"]
[Round "3.75"]
[White "Thompson, Peter"]
[Black "Nolan, Pat"]
[Result "1-0"]
[WhiteElo "1793"]
[BlackElo "1529"]
[PlyCount "85"]
[GameId "2160767910155885"]
[EventDate "2009.07.11"]
[EventType "swiss"]
[EventRounds "9"]
[EventCountry "CAN"]
[SourceTitle "EXT 2022"]
[Source "ChessBase"]
[SourceDate "2021.10.06"]
[SourceVersion "1"]
[SourceVersionDate "2021.10.06"]
[SourceQuality "1"]

1. e4 c5 2. Nf3 d6 3. d4 cxd4 4. Nxd4 Nc6 5. Nc3 a6 6. Bc4 e6 7. Be3 Nf6 8. f3 Be7 9. Qd2 O-O 10. O-O-O Bd7 11. Kb1 Qc7 12. Bb3 Rac8 13. g4 Qa5 14. h4 d5 15. g5 Nh5 16. exd5 exd5 17. Nxd5 Qxd2 18. Nxe7+ Nxe7 19. Bxd2 g6 20. Bb4 Rfe8 21. Rhe1 Nc6 22. Bc3 Rxe1 23. Rxe1 Re8 24. Rxe8+ Bxe8 25. Ne2 Ne7 26. f4 Nf5 27. Be1 Bb5 28. c4 Bc6 29. Kc1 Nhg7 30. Kd2 Ne6 31. Bf2 Kg7 32. Bc2 b5 33. c5 Bf3 34. Bxf5 gxf5 35. Nd4 Bd5 36. Nxf5+ Kf8 37. Be3 Bxa2 38. b4 Bd5 39. Nd6 Kg7 40. f5 Nd8 41. h5 Nc6 42. Kc3 f6 43. Ne8+ 1-0

[Event "CAN-op"]
[Site "Edmonton CAN"]
[Date "2009.07.13"]
[Round "3.76"]
[White "Mawani, Adam"]
[Black "De Jong, Werner"]
[Result "0-1"]
[WhiteElo "1357"]
[BlackElo "1792"]
[PlyCount "40"]
[GameId "2160767910155886"]
[EventDate "2009.07.11"]
[EventType "swiss"]
[EventRounds "9"]
[EventCountry "CAN"]
[SourceTitle "EXT 2022"]
[Source "ChessBase"]
[SourceDate "2021.10.06"]
[SourceVersion "1"]
[SourceVersionDate "2021.10.06"]
[SourceQuality "1"]

1. e4 e6 2. d4 d5 3. e5 c5 4. c3 Nc6 5. Nf3 Qb6 6. Be3 cxd4 7. Nxd4 Nxd4 8. Bxd4 Qc7 9. Nd2 Ne7 10. Bb5+ Bd7 11. Ba4 b5 12. Bc2 Nc6 13. Nf3 Rc8 14. Qd2 Nxd4 15. Qxd4 b4 16. Kd2 g6 17. h3 Bh6+ 18. Kd3 Bb5+ 19. c4 Bxc4+ 20. Qxc4 Qxc4# 0-1

[Event "CAN-op"]
[Site "Edmonton CAN"]
[Date "2009.07.13"]
[Round "3.77"]
[White "Nichols, Darren"]
[Black "White, Chris"]
[Result "1/2-1/2"]
[WhiteElo "1420"]
[BlackElo "1766"]
[PlyCount "81"]
[GameId "2160767910155887"]
[EventDate "2009.07.11"]
[EventType "swiss"]
[EventRounds "9"]
[EventCountry "CAN"]
[SourceTitle "EXT 2022"]
[Source "ChessBase"]
[SourceDate "2021.10.06"]
[SourceVersion "1"]
[SourceVersionDate "2021.10.06"]
[SourceQuality "1"]

1. e4 e6 2. d4 d5 3. e5 c5 4. c3 Nc6 5. Nf3 Qb6 6. Na3 cxd4 7. cxd4 Bxa3 8. bxa3 Nge7 9. Be2 Nf5 10. Be3 Qa5+ 11. Qd2 Qxa3 12. O-O Qb4 13. Qxb4 Nxb4 14. Bb5+ Nc6 15. Rac1 Bd7 16. g4 Nxe3 17. fxe3 a6 18. Bd3 Nb4 19. Bb1 Bb5 20. Rf2 Nd3 21. Bxd3 Bxd3 22. Rc7 O-O 23. Ng5 Bg6 24. h4 h6 25. Nh3 Rac8 26. Rxb7 Rc1+ 27. Kh2 Rc3 28. h5 Be4 29. Rb3 Rfc8 30. Kg3 Rxb3 31. axb3 Rc3 32. Kh4 Rxb3 33. Ra2 Bd3 34. g5 Bf1 35. Nf4 Rxe3 36. g6 Re4 37. Kg3 Rxd4 38. Rf2 fxg6 39. Nxg6 Rd3+ 40. Kh4 Rd4+ 41. Kg3 1/2-1/2

[Event "CAN-op"]
[Site "Edmonton CAN"]
[Date "2009.07.13"]
[Round "3.78"]
[White "Seehagen, Terry"]
[Black "Bansal, Prabjeet"]
[Result "1-0"]
[WhiteElo "1756"]
[BlackElo "1394"]
[PlyCount "45"]
[GameId "2160767910155888"]
[EventDate "2009.07.11"]
[EventType "swiss"]
[EventRounds "9"]
[EventCountry "CAN"]
[SourceTitle "EXT 2022"]
[Source "ChessBase"]
[SourceDate "2021.10.06"]
[SourceVersion "1"]
[SourceVersionDate "2021.10.06"]
[SourceQuality "1"]

1. e4 e5 2. d4 Nc6 3. dxe5 Nxe5 4. f4 Nc6 5. Be3 Nf6 6. Nc3 Bb4 7. Bd3 O-O 8. Nge2 Re8 9. O-O d5 10. Nxd5 Nxd5 11. exd5 Qxd5 12. Bxh7+ Kxh7 13. Qxd5 Rxe3 14. Qxf7 Rxe2 15. Qh5+ Kg8 16. Qxe2 Nd4 17. Qe8+ Kh7 18. c3 Nc2 19. cxb4 Nxa1 20. Rxa1 b6 21. Qe4+ Kg8 22. Qxa8 Kf7 23. Qxc8 1-0

[Event "CAN-op"]
[Site "Edmonton CAN"]
[Date "2009.07.13"]
[Round "3.79"]
[White "Haley, Phil"]
[Black "Baron, Desmond"]
[Result "1-0"]
[WhiteElo "1716"]
[BlackElo "1472"]
[PlyCount "125"]
[GameId "2160767910155889"]
[EventDate "2009.07.11"]
[EventType "swiss"]
[EventRounds "9"]
[EventCountry "CAN"]
[SourceTitle "EXT 2022"]
[Source "ChessBase"]
[SourceDate "2021.10.06"]
[SourceVersion "1"]
[SourceVersionDate "2021.10.06"]
[SourceQuality "1"]

1. c4 e5 2. Nc3 Nf6 3. g3 d5 4. cxd5 Nxd5 5. Bg2 Nxc3 6. bxc3 Bf5 7. Bxb7 Nd7 8. Bxa8 Qxa8 9. Nf3 e4 10. Nd4 e3 11. f3 Bg6 12. dxe3 Bd6 13. Qa4 c5 14. Nb3 Kd8 15. Bb2 Re8 16. Kf2 Bc7 17. Rad1 Re7 18. Nxc5 Bf5 19. Nxd7 Bxd7 20. Qh4 f6 21. Ba3 Re8 22. Qd4 Qc6 23. Qxd7+ Qxd7 24. Rxd7+ Kxd7 25. Rd1+ Kc6 26. e4 Re5 27. Bf8 g6 28. Bg7 Re6 29. Bf8 Re8 30. Ba3 Re5 31. Bc1 Rc5 32. Rd3 Ra5 33. a3 Bd6 34. c4 Ra4 35. Rc3 Be5 36. Rc2 Bd4+ 37. e3 Bb6 38. Ke2 Ra5 39. Kd3 Bc5 40. Rc3 Ra6 41. f4 Rb6 42. Kc2 Rb8 43. Kd3 Rd8+ 44. Ke2 Re8 45. Kf3 Re7 46. g4 h6 47. h4 Rf7 48. f5 g5 49. hxg5 hxg5 50. e5 fxe5 51. Ke4 Bd6 52. a4 a6 53. Ba3 Bc7 54. Rd3 Rf6 55. Rd5 Rf7 56. Rc5+ Kb6 57. Rxe5 Bxe5 58. Kxe5 Kc6 59. Ke6 Rc7 60. f6 Kb6 61. f7 Rc6+ 62. Kf5 Ka5 63. f8=Q 1-0

[Event "CAN-op"]
[Site "Edmonton CAN"]
[Date "2009.07.13"]
[Round "3.80"]
[White "Ludwig, David"]
[Black "Mendryk, Wayne"]
[Result "0-1"]
[WhiteElo "1680"]
[BlackElo "1438"]
[PlyCount "42"]
[GameId "2160767910155890"]
[EventDate "2009.07.11"]
[EventType "swiss"]
[EventRounds "9"]
[EventCountry "CAN"]
[SourceTitle "EXT 2022"]
[Source "ChessBase"]
[SourceDate "2021.10.06"]
[SourceVersion "1"]
[SourceVersionDate "2021.10.06"]
[SourceQuality "1"]

1. c4 Nf6 2. Nc3 e5 3. g3 Be7 4. Bg2 c6 5. d4 exd4 6. Qxd4 d6 7. e4 O-O 8. Nge2 Nbd7 9. Bf4 Ne5 10. Bxe5 c5 11. Qd2 dxe5 12. Nd5 Nxd5 13. exd5 Bg5 14. Qc2 g6 15. O-O Bf5 16. Be4 Bh3 17. Rfd1 f5 18. Bh1 Qd6 19. Nc3 a6 20. a4 Rf7 21. f3 Be3+ 0-1

[Event "CAN-op"]
[Site "Edmonton CAN"]
[Date "2009.07.13"]
[Round "3.81"]
[White "Janzen, Tyler"]
[Black "McCullough, David"]
[Result "1-0"]
[WhiteElo "1656"]
[BlackElo "1293"]
[PlyCount "106"]
[GameId "2160767910155891"]
[EventDate "2009.07.11"]
[EventType "swiss"]
[EventRounds "9"]
[EventCountry "CAN"]
[SourceTitle "EXT 2022"]
[Source "ChessBase"]
[SourceDate "2021.10.06"]
[SourceVersion "1"]
[SourceVersionDate "2021.10.06"]
[SourceQuality "1"]

1. d4 Nf6 2. c4 c5 3. d5 e6 4. Nc3 exd5 5. cxd5 d6 6. e4 Bg4 7. f3 Bh5 8. Bd3 Nbd7 9. Bf4 Be7 10. Nge2 O-O 11. O-O Re8 12. Bc2 Rc8 13. Nb5 Qb6 14. Ba4 a6 15. Nbc3 c4+ 16. Kh1 Rc7 17. Qd2 Qa7 18. Nd4 h6 19. Nf5 Qb6 20. Be3 Qa5 21. Qd4 b5 22. Bc2 Ne5 23. Bd2 Rb7 24. Ne2 Qb6 25. Qxb6 Rxb6 26. Ba5 Rb7 27. Nc3 Rc8 28. a4 Ne8 29. Nxe7+ Rxe7 30. axb5 axb5 31. Nxb5 Rb7 32. Nd4 Rxb2 33. Rfc1 g5 34. Bc3 Rb6 35. Nf5 Kh7 36. Bd4 Rb4 37. Ba4 Nxf3 38. Bc3 Rb6 39. gxf3 Bxf3+ 40. Kg1 Bxe4 41. Ne3 Ng7 42. Ng4 Nh5 43. Bc6 Kg6 44. Re1 Bf3 45. Ne3 Rb3 46. Rac1 Nf4 47. Nxc4 Ne2+ 48. Rxe2 Bxe2 49. Nxd6 Rd8 50. Nb7 Rb8 51. Nc5 Ra3 52. d6 Ra7 53. Re1 Bg4 1-0

[Event "CAN-op"]
[Site "Edmonton CAN"]
[Date "2009.07.13"]
[Round "3.82"]
[White "Robertson, Trevor"]
[Black "Houston, Michael"]
[Result "0-1"]
[WhiteElo "1269"]
[BlackElo "1651"]
[PlyCount "36"]
[GameId "2160767910155892"]
[EventDate "2009.07.11"]
[EventType "swiss"]
[EventRounds "9"]
[EventCountry "CAN"]
[SourceTitle "EXT 2022"]
[Source "ChessBase"]
[SourceDate "2021.10.06"]
[SourceVersion "1"]
[SourceVersionDate "2021.10.06"]
[SourceQuality "1"]

1. c4 g6 2. d4 Bg7 3. Nc3 c5 4. e3 cxd4 5. exd4 d6 6. Nf3 Bg4 7. d5 Nd7 8. Be2 Rc8 9. Qa4 a6 10. Bd2 Ngf6 11. O-O O-O 12. Qc2 Bxf3 13. gxf3 Ne5 14. b3 Qd7 15. Bf4 Nh5 16. Bg3 Qh3 17. Rac1 Bh6 18. Rcd1 Nf4 0-1

[Event "CAN-op"]
[Site "Edmonton CAN"]
[Date "2009.07.13"]
[Round "3.83"]
[White "Prime, Keith"]
[Black "Ventura, Jason"]
[Result "0-1"]
[WhiteElo "1223"]
[BlackElo "1879"]
[PlyCount "36"]
[GameId "2160767910155893"]
[EventDate "2009.07.11"]
[EventType "swiss"]
[EventRounds "9"]
[EventCountry "CAN"]
[SourceTitle "EXT 2022"]
[Source "ChessBase"]
[SourceDate "2021.10.06"]
[SourceVersion "1"]
[SourceVersionDate "2021.10.06"]
[SourceQuality "1"]

1. a4 c5 2. c3 Nc6 3. e3 d5 4. b3 e5 5. Ba3 Nf6 6. h3 Bf5 7. Ne2 Bd6 8. Ng3 Bg6 9. Bb2 d4 10. Qf3 O-O 11. h4 e4 12. Qd1 Bxg3 13. fxg3 Qd6 14. Rh3 Bf5 15. cxd4 Bxh3 16. gxh3 Qxg3+ 17. Ke2 Nb4 18. Qc1 Nd3 0-1

[Event "CAN-op"]
[Site "Edmonton CAN"]
[Date "2009.07.13"]
[Round "3.84"]
[White "Bentley, Bill"]
[Black "MacKay, David"]
[Result "0-1"]
[WhiteElo "1854"]
[BlackElo "1202"]
[PlyCount "57"]
[GameId "2160767910155894"]
[EventDate "2009.07.11"]
[EventType "swiss"]
[EventRounds "9"]
[EventCountry "CAN"]
[SourceTitle "EXT 2022"]
[Source "ChessBase"]
[SourceDate "2021.10.06"]
[SourceVersion "1"]
[SourceVersionDate "2021.10.06"]
[SourceQuality "1"]

1. d4 d5 2. c4 e6 3. Nf3 Nf6 4. Bg5 Be7 5. Nc3 O-O 6. Rc1 Nbd7 7. e3 c6 8. Bd3 b6 9. O-O Bb4 10. Ne5 h6 11. Bxf6 Nxf6 12. Nxc6 Qd6 13. Nxb4 Qxb4 14. cxd5 exd5 15. Qc2 Qe7 16. Qb3 Be6 17. Qa4 Qd7 18. Bb5 Qc7 19. Nxd5 Qd8 20. Nc7 Rc8 21. Nxe6 fxe6 22. a3 Rxc1 23. Rxc1 a5 24. Qb3 Nd5 25. Bc4 Nc7 26. Bxe6+ Nxe6 27. Qxe6+ Kh7 28. Rc6 Qf6 29. Qe4+ 0-1

[Event "CAN-op"]
[Site "Edmonton CAN"]
[Date "2009.07.13"]
[Round "3.85"]
[White "Green, Aaron"]
[Black "Situ, Dennis"]
[Result "1-0"]
[WhiteElo "1818"]
[BlackElo "1388"]
[PlyCount "52"]
[GameId "2160767910155895"]
[EventDate "2009.07.11"]
[EventType "swiss"]
[EventRounds "9"]
[EventCountry "CAN"]
[SourceTitle "EXT 2022"]
[Source "ChessBase"]
[SourceDate "2021.10.06"]
[SourceVersion "1"]
[SourceVersionDate "2021.10.06"]
[SourceQuality "1"]

1. e4 e5 2. Nf3 Nc6 3. Bb5 a6 4. Bxc6 bxc6 5. O-O Nf6 6. Nxe5 d6 7. Nxc6 Qd7 8. Nd4 Be7 9. Nc3 O-O 10. Nf5 c6 11. d3 d5 12. Nxe7+ Qxe7 13. Bg5 Qd6 14. Bxf6 Qxf6 15. exd5 cxd5 16. Rb1 d4 17. Ne4 Qg6 18. Qf3 Bb7 19. Nf6+ Qxf6 20. Qxb7 Rae8 21. Rfe1 Re6 22. Re4 Rfe8 23. Rbe1 Qg6 24. Qd7 f5 25. Rxe6 Rxe6 26. Rxe6 Qh5 1-0

[Event "CAN-op"]
[Site "Edmonton CAN"]
[Date "2009.07.13"]
[Round "3.86"]
[White "Cosenza, Aaron"]
[Black "Green, Jim"]
[Result "0-1"]
[WhiteElo "1456"]
[BlackElo "1782"]
[PlyCount "102"]
[GameId "2160767910155896"]
[EventDate "2009.07.11"]
[EventType "swiss"]
[EventRounds "9"]
[EventCountry "CAN"]
[SourceTitle "EXT 2022"]
[Source "ChessBase"]
[SourceDate "2021.10.06"]
[SourceVersion "1"]
[SourceVersionDate "2021.10.06"]
[SourceQuality "1"]

1. e4 d6 2. Nf3 e5 3. Bc4 Be7 4. Nc3 c6 5. d4 exd4 6. Nxd4 Nf6 7. O-O O-O 8. Bb3 Na6 9. Be3 Nc5 10. f3 Nxb3 11. Nxb3 Qc7 12. Qd4 Re8 13. Rad1 h6 14. Bf2 Rd8 15. Bg3 Qb6 16. Rfe1 Be6 17. Qxb6 axb6 18. e5 dxe5 19. Rxe5 Rxd1+ 20. Nxd1 Rxa2 21. Nd4 Bc5 22. Bf2 Ra1 23. Re1 Bxd4 24. Bxd4 Bf5 25. Kf1 Bxc2 26. Ke2 Nd5 27. Kd2 Bxd1 28. Rxd1 Rxd1+ 29. Kxd1 f6 30. g3 Kf7 31. Kd2 b5 32. Kd3 b6 33. Ke4 Ke6 34. Kd3 c5 35. Bf2 f5 36. h4 g5 37. hxg5 hxg5 38. b3 Ke5 39. Bg1 f4 40. g4 Nb4+ 41. Kc3 Nc6 42. Kd3 Kd5 43. Bf2 b4 44. Bg1 b5 45. Bf2 Ne5+ 46. Ke2 c4 47. bxc4+ bxc4 48. Be1 c3 49. Bxc3 bxc3 50. Kd1 Nxf3 51. Kc2 Kc4 0-1

[Event "CAN-op"]
[Site "Edmonton CAN"]
[Date "2009.07.13"]
[Round "3.87"]
[White "Panteluk, Steven"]
[Black "Miller, David"]
[Result "1-0"]
[WhiteElo "1682"]
[BlackElo "1450"]
[PlyCount "68"]
[GameId "2160767910155897"]
[EventDate "2009.07.11"]
[EventType "swiss"]
[EventRounds "9"]
[EventCountry "CAN"]
[SourceTitle "EXT 2022"]
[Source "ChessBase"]
[SourceDate "2021.10.06"]
[SourceVersion "1"]
[SourceVersionDate "2021.10.06"]
[SourceQuality "1"]

1. d4 Nf6 2. c4 e6 3. Nf3 c5 4. Nc3 cxd4 5. Nxd4 Bb4 6. Bd2 Nc6 7. e3 O-O 8. Be2 a6 9. O-O Qc7 10. Bf3 Ne5 11. b3 Nxf3+ 12. Nxf3 b5 13. Nxb5 Qc5 14. Bxb4 Qxb4 15. Nd6 a5 16. Nxc8 Rfxc8 17. Qd3 a4 18. Ne5 axb3 19. axb3 Rab8 20. Rfb1 d5 21. h3 Qd6 22. f4 Ne4 23. cxd5 exd5 24. Ra6 Qd8 25. b4 Rc3 26. Qe2 Rbc8 27. Ra2 Rc1+ 28. Rxc1 Rxc1+ 29. Kh2 Nc3 30. Nxf7 Kxf7 31. Ra7+ Kg8 32. Qa6 Qf6 33. Qc8+ Qf8 34. Qe6+ Kh8 1-0